000 00432nam a22001817a 4500
003 CEME
005 20210628210236.0
008 210215b xxu||||| |||| 00| 0 eng d
020 _a0-02-802033-2
040 _c.
082 _a808.84 EMO
100 _aEmory, Doug
_978702
245 _aImprove your essays
260 _aNEW YORK
_bGLENCOE
_c1995
300 _a466P
650 _aESSAYS ENGLISH ESSAYS
_978703
942 _cBK
_2ddc
999 _c583797
_d583797